00462nam a2200181Ia 4500003000400000005001700004008004100021040000700062041000800069082002100077100002000098245004800118260004000166300001400206365001300220650003100233650001600264OSt20230508064847.0210423s2000 xx 000 0 und d cAL aeng a361.3 223bFONS aFONTANA (David) aProblems in practice: social skills at work aNew DelhibUniversities Pressc2000 axi,89bPB b110cINR aSocial Problems & Services aSocial Work